000 00677nam a2200241Ia 4500
003 OSt
005 20220924115959.0
006 a|||||r|||| 00| 0
007 ta
008 220923b |||||||| |||| 00| 0 san d
024 _a228831
037 _cTextual
040 _aARTS
_cARTS
_bsan
041 _2san
_asan
082 _aQ1:24:g, 15P5
100 _aKrishna Lal
_9180335
245 0 _aReligious mysticism of the upanisads with English and Hindi translations
260 _aDelhi
_bJ.P. Publishing House
_c2005
300 _axvi, 126p.
_ccm.
650 _aRELIGION
942 _hQ1:24:g, 15P5
_cTEXL
_2CC
999 _c400753
_d400753